000 01105nam0a22002531 4500
001 rc\3046579
005 20250530023427.0
035 _a(NLR Aleph) 007186305
090 _a7492928
_c7492928
100 _a20111007d1935 |||y0rusy50 ca
101 0 _arus
102 _aRU
105 _aab z |||||
200 1 _aХимическая технология свеклосахарного производства
_fПроф. П.В. Головин
205 _a2-е изд., испр. и доп. Утв. Наркомпищепромом СССР в качестве учебника для втузов
210 _aМосква
_aЛенинград
_cПищепромиздат
_d1935
_eОрел
_gТип. "Труд"
215 _aПереплет, 352 с., 2 вкл. л. черт. и карт.
_cил., черт., карт.
_d23×15 см
320 _a7Библиогр.: "Литература" (47 назв.)
700 1 _aГоловин
_bП.В.
_f1885-1964
_gПавел Васильевич
801 0 _aRU
_bNLR
_gpsbo
801 1 _aRU
_bELAR
_2rusmarc
852 _aNLR
_j35-4/970
942 _cBOOK
980 _aNB